Statistics for NASCAR Tracks to Host 3 Cup Races in 1 Year

Click here to take the quiz!

General Stats

  • This quiz has been taken 44 times
  • The average score is 6 of 21

Answer Stats

YearsTrack% Correct
2020Daytona International Speedway, Daytona, FL
100%
2020Darlington Raceway, Darlington, SC
87%
2020Charlotte Motor Speedway, Charlotte, NC
77%
1956Charlotte Speedway, Charlotte, NC
77%
1957, 1959Southern States Fairgrounds, Charlotte, NC
77%
1961Atlanta Motor Speedway, Hampton, GA
52%
1961Martinsville Speedway, Martinsville, VA
52%
1959, 1962Asheville-Weaverville Speedway, Weaverville, NC
29%
1981Riverside International Raceway, Riverside, CA
16%
1959-63Bowman Gray Stadium, Winston-Salem, NC
13%
1961Greenville-Pickens Speedway, Greenville, SC
10%
1956Hickory Speedway, Hickory, NC
10%
1955, 1958-60Columbia Speedway, Cayce, SC
6%
1957, 1962Concord Speedway, Concord, NC
6%
1953Langhorne Speedway, Langhorne, PA
6%
1962Augusta Speedway, Augusta, GA
3%
1951Carrell Speedway, Gardena, CA
3%
1969Middle Georgia Raceway, Macon, GA
3%
1956-57Portland Speedway, Portland, OR
3%
1963Tar Heel Speedway, Randleman, NC
3%
1958Champion Speedway, Fayetteville, NC
0%

Score Distribution

Percentile by Number Answered

Percent of People with Each Score

Your Score History

You have not taken this quiz